Normal view
MARC view
Entry Término temático
001 - NÚMERO DE CONTROL
- campo de control: 58418
003 - IDENTIFICADOR DEL NÚMERO DE CONTROL
- campo de control: OSt
005 - FECHA Y HORA DE LA ÚLTIMA TRANSACCIÓN
- campo de control: 20200615035006.0
008 - DATOS DE LONGITUD FIJA
- campo de control de longitud fija: 200615|| aca||aabn | a|a d
040 ## - FUENTE DE LA CATALOGACIÓN
- Centro catalogador/agencia de origen: OSt
- Centro/agencia transcriptor: OSt
150 ## - ENCABEZAMIENTO--TÉRMINO DE MATERIA
- Término de materia o nombre geográfico como elemento de entrada: RIEGO
- Subdivisión general: TRANSFERENCIA DE TECNOLOGÍA
- Subdivisión general: CONGRESOS, CONFERENCIAS, ETC
670 ## - FUENTE DE DATOS ENCONTRADOS
- Cita de la fuente: Work cat.: (OSt)31954: Seminario-Taller evaluativo de los Servicios de Asistencia Técnica y Transferencia Tecnológica del PRODAS (2000 abril 27-28 : San Juan de la Maguana, República Dominicana) 58417, Memoria., 2000.
